Statistiques concernant Harry Potter: Quiz spécial 200e quiz de la Série

Cliquez ici pour prendre le quiz!

Statistiques générales

  • Ce quiz a été pris 15 fois
  • Le résultat moyen est 86 sur 200

Statistiques - réponses

OrdreQuiz% Correct
157Le Bal de Noël
86%
60Le Quidditch
86%
193Le Sortilège de la Mort
86%
31Poudlard
86%
19La Bague des Gaunt
79%
107La Coupe de Helga Poufsouffle
79%
156Le Lac Noir
79%
91Les Potions
79%
79Les Sortilèges
79%
5La Baguette de Sureau
71%
22La Cape d'Invisibilité
71%
24Les Balais Volants
71%
155Les Capes d'Invisibilité
71%
64Les Détraqueurs
71%
152Les Elfes de Maison
71%
149Les Leçons de Vol
71%
142Les Reliques de la Mort
71%
12Le Vif d'or
71%
63Pré au Lard
71%
1444, Privet Drive
64%
70Azkaban
64%
92La Chambre des Secrets
64%
131La Colonie des Centaures
64%
45La Forêt Interdite
64%
87La Salle sur Demande
64%
99Le Bureau des Enseignants
64%
53Le Chemin de Traverse
64%
42Le Diadème de Rowena Serdaigle
64%
32Le Journal de Tom Jedusor
64%
38Le Médaillon de Salazar Serpentard
64%
10Les Centaures
64%
80Les Chouettes et Hiboux
64%
65Les Fantômes
64%
43Le Terrier
64%
50Beauxbâtons
57%
51Durmstrang
57%
148La Botanique
57%
98La Famille Black
57%
30La Pierre de Résurrection
57%
109La Tête de Sanglier
57%
118Le Cognard
57%
36Le Poudlard Express
57%
61Les Epouvantards
57%
69Les Horcruxes
57%
41Les Loups-Garous
57%
200Le Souvenir de la Rencontre avec les Gaunt
57%
59Les Patronus
57%
67Poufsouffle
57%
66Serdaigle
57%
76Serpentard
57%
103Barjow et Beurk
50%
47Gringotts
50%
77Gryffondor
50%
1La Carte du Maraudeur
50%
81 | 93L'Armée de Dumbledore
50%
133Le Basilic
50%
28Le Choixpeau Magique
50%
183L'Eclair de Feu
50%
15Le Felix Felicis
50%
71Le Miroir du Rised
50%
9L'Epée de Godric Gryffondor
50%
13Le Retourneur de Temps
50%
151Le Salon de Thé de Madame Pieddodu
50%
7Les Cartes de Chocogrenouilles
50%
138Les Chocogrenouilles
50%
21Les Dragons
50%
82Les Mangemorts
50%
165Les Nimbus 2000
50%
195Les Nimbus 2001
50%
34Les Sirènes
50%
145Les Sombrals
50%
5812, Square Grimmaurd
43%
88La Cabane de Hagrid
43%
95La Cabane Hurlante
43%
122La Colonie de Géants
43%
124La Divination
43%
158La Famille Dumbledore
43%
175La Famille Malefoy
43%
54La Gazette du Sorcier
43%
120L'Allée des Embrumes
43%
100La Marque des Ténèbres
43%
127La Métamorphose
43%
101La Pensine
43%
29La Poudre de Cheminette
43%
72La Salle Commune de Gryffondor
43%
73La Salle Commune de Poufsouffle
43%
75La Salle Commune de Serdaigle
43%
74La Salle Commune de Serpentard
43%
146Le Cours de Défense contre les Forces du Mal
43%
136Le Cours d'Histoire de La Magie
43%
116Le Département des Mystères
43%
8Le Livre du Prince de Sang-Mêlé
43%
4Le Polynectar
43%
97Les Acromentules
43%
20Les Animagi
43%
14Le Saule Cogneur
43%
52Les Baguettes Magiques
43%
113Les BUSE
43%
68Les Cachots de Poudlard
43%
27Les Esprits Frappeurs
43%
35Les Géants
43%
26Les Gobelins
43%
154Le Sinistros
43%
117Le Souafle
43%
192Le Souvenir de la discussion sur la Marque des Ténèbres
43%
190Le Souvenir du procès de Barty Croupton Jr, Bellatrix Lestrange, Rabastan Lestrange et Rodolphus Lestrange
43%
86Les Scroutts à Pétard
43%
62Les Sortilèges Impardonnables
43%
16Les Trolls
43%
112Le Transplanage
43%
57Privet Drive
43%
96Weasley, Farces pour sorciers facétieux
43%
102Zonko
43%
55Godric's Hollow
36%
84La Bibliothèque de Poudlard
36%
123La Caverne de l'Horcruxe
36%
176La Famille Lestrange
36%
85La Pierre Philosophale
36%
105L'Armoire à Disparaitre
36%
135La Tour d'Astronomie
36%
181Le Chicaneur
36%
132Le Cours de Soins aux Créatures Magiques
36%
139Le Cours d'Etude des Moldus
36%
147Le Livre d'Histoire de la Magie
36%
33Le Magicobus
36%
106Le Manoir des Malefoy
36%
171L'Equipe de Quidditch de Gryffondor
36%
170L'Equipe de Quidditch de Poufsouffle
36%
168L'Equipe de Quidditch de Serdaigle
36%
169L'Equipe de Quidditch de Serpentard
36%
140Les 7 Potter
36%
119Les Animaux du Monde Magique
36%
48Les Beuglantes
36%
199Les Boutefeu Chinois
36%
108Les Echecs Version Sorciers
36%
23Les Hippogriffes
36%
174Les Magyar à Pointes
36%
78Le Sortilège de Lévitation
36%
46Les Vélanes
36%
56L'Hôpital de Sainte Mangouste
36%
182La Chaumière aux Coquillages
29%
111La Ford Anglia d'Arthur Weasley
29%
3La Potion Tue-Loup
29%
172L'Arithmancie
29%
114La SALE
29%
134La Volière
29%
83Le Bureau de Dumbledore
29%
37Le Déluminateur
29%
2Le Monstrueux Livre des Monstres
29%
160Le Placard à Balai
29%
44Le Rapeltout
29%
115Les ASPIC
29%
129Les Cours de Potions
29%
25Les Filets du Diable
29%
18Les Lutins de Cornouaille
29%
6Les Mandragores
29%
49Les Niffleurs
29%
39Les Oreilles à Rallonge
29%
188Le Souvenir du procès de Ludo Verpey
29%
141Les Pastilles de Gerbe
29%
153Les Patacitrouilles
29%
164Castelbruxo
21%
126Ilvermorny
21%
125La Branchiflore
21%
137La Chaussette de Dobby
21%
187La Coupe des 4 Maisons
21%
128La Demiguise
21%
179La Deuxième Tâche du Tournoi des 3 Sorciers
21%
159La Maison de Mrs Figg
21%
121La Montre de Fabian Prewett
21%
178La Première Tâche du Tournoi des 3 Sorciers
21%
191La Tente de Perkins
21%
180La Troisième Tâche du Tournoi des 3 Sorciers
21%
189Le Cimetière de Little Hangleton
21%
104Le Club de Slug
21%
161Le Magenmagot
21%
196Le Pire Souvenir de Rogue
21%
163Le Quidditch à travers les Ages
21%
89Les Démonzémerveilles
21%
94Les Friandises du Monde Magique
21%
40Les Métamorphomages
21%
17Les Nargoles
21%
167Les Norvégiens à Crêtes
21%
90Le Sortilège d'Amnésie
21%
194Le Souvenir de la Discussion avec Bertha Jorkins
21%
198Le Souvenir de la Prophétie de Trelawney
21%
186le Souvenir du procès de Igor Karkaroff
21%
110Les Pendules du Terrier
21%
11Les Plumes à Papote
21%
173Les Pulls de Noël de Madame Weasley
21%
197Les Suédois à Museau Court
21%
143Les Veracrasses
21%
130Vie et Habitat des Animaux Fantastiques
21%
177La Chambre de Harry
14%
150L'Art de la Magie Noire
14%
184La Société Brossdur
14%
185Le Dragon de Gringotts
14%
166Le Fourchelang
14%
162Les Langues de Plomb
14%

Distribution des résultats

Percentile par nombre de réponses

% des personnes avec chaque résultat

Votre développement - résultats

Vous n’avez pas pris ce quiz